<?xml version="1.0" encoding="UTF-8"?><?xml-stylesheet type="text/xsl" href="static/style.xsl"?><OAI-PMH xmlns="http://www.openarchives.org/OAI/2.0/" xmlns:xsi="http://www.w3.org/2001/XMLSchema-instance" xsi:schemaLocation="http://www.openarchives.org/OAI/2.0/ http://www.openarchives.org/OAI/2.0/OAI-PMH.xsd"><responseDate>2026-04-17T06:28:30Z</responseDate><request verb="GetRecord" identifier="oai:www.recercat.cat:11351/7654" metadataPrefix="marc">https://recercat.cat/oai/request</request><GetRecord><record><header><identifier>oai:recercat.cat:11351/7654</identifier><datestamp>2025-10-24T10:40:12Z</datestamp><setSpec>com_2072_378070</setSpec><setSpec>com_2072_378040</setSpec><setSpec>col_2072_378092</setSpec></header><metadata><record xmlns="http://www.loc.gov/MARC21/slim" xmlns:dcterms="http://purl.org/dc/terms/" xmlns:xsi="http://www.w3.org/2001/XMLSchema-instance" xmlns:doc="http://www.lyncode.com/xoai" xsi:schemaLocation="http://www.loc.gov/MARC21/slim http://www.loc.gov/standards/marcxml/schema/MARC21slim.xsd">
   <leader>00925njm 22002777a 4500</leader>
   <datafield ind2=" " ind1=" " tag="042">
      <subfield code="a">dc</subfield>
   </datafield>
   <datafield ind2=" " ind1=" " tag="720">
      <subfield code="a">Mariscal, Esther</subfield>
      <subfield code="e">author</subfield>
   </datafield>
   <datafield ind2=" " ind1=" " tag="720">
      <subfield code="a">García, Andrea</subfield>
      <subfield code="e">author</subfield>
   </datafield>
   <datafield ind2=" " ind1=" " tag="720">
      <subfield code="a">Yangg, Shibing</subfield>
      <subfield code="e">author</subfield>
   </datafield>
   <datafield ind2=" " ind1=" " tag="720">
      <subfield code="a">van de Wetering, Gijs</subfield>
      <subfield code="e">author</subfield>
   </datafield>
   <datafield ind2=" " ind1=" " tag="720">
      <subfield code="a">Izquierdo Alonso, José Luis</subfield>
      <subfield code="e">author</subfield>
   </datafield>
   <datafield ind2=" " ind1=" " tag="720">
      <subfield code="a">Gonzalez-Barcala, Francisco-Javier</subfield>
      <subfield code="e">author</subfield>
   </datafield>
   <datafield ind2=" " ind1=" " tag="720">
      <subfield code="a">Muñoz, Xavier</subfield>
      <subfield code="e">author</subfield>
   </datafield>
   <datafield ind2=" " ind1=" " tag="260">
      <subfield code="c">2022-06-09T08:21:22Z</subfield>
   </datafield>
   <datafield ind2=" " ind1=" " tag="260">
      <subfield code="c">2022-06-09T08:21:22Z</subfield>
   </datafield>
   <datafield ind2=" " ind1=" " tag="260">
      <subfield code="c">2021</subfield>
   </datafield>
   <datafield ind2=" " ind1=" " tag="520">
      <subfield code="a">Asma eosinofílica greu; Comparació indirecta del tractament; Mepolizumab</subfield>
   </datafield>
   <datafield ind2=" " ind1=" " tag="520">
      <subfield code="a">Severe eosinophilic asthma; Indirect treatment comparison; Mepolizumab</subfield>
   </datafield>
   <datafield ind2=" " ind1=" " tag="520">
      <subfield code="a">Asma eosinofílica severa; Comparación de tratamiento indirecto; Mepolizumab</subfield>
   </datafield>
   <datafield ind2=" " ind1=" " tag="520">
      <subfield code="a">Aim&#xd;
To analyse the cost-effectiveness of MEP with standard of care (SoC) versus other anti-IL-5 therapies approved for the treatment of severe eosinophilic asthma (SEA) patients, within the Spanish National Health System (NHS) perspective.&#xd;
Methods&#xd;
A Markov model with a 4-week cycle length was used to compare MEP with BEN and RES as therapies added to SoC in the management of SEA, in terms of cost per QALY gained and incremental cost-effectiveness ratio (ICER). Costs (€2019) were obtained from public sources, while utilities and transition probabilities were retrieved from literature, e.g. network meta-analysis. Continuation criteria for biological treatment and reduction of oral corticosteroids (OCS) was set at 50% minimum reduction of exacerbation rate. Adverse events related to chronic OCS use included diabetes, osteoporosis, cataracts, acute myocardial infarct, and peptic ulcer. The analysis was performed over a 5-year time horizon from the National Healthcare System (NHCS) perspective, with a yearly discount rate of 3% applied to both costs and QALYs. Probabilistic sensitivity analysis and univariate deterministic sensitivity analysis were performed to address uncertainty around the cost-effectiveness results.&#xd;
Results&#xd;
On top of SoC, the model indicates that MEP is dominant (lower cost, higher benefit) compared to BEN and RES: For BEN and RES, respectively, treatment with MEP had a point estimate of 0.076 and 0.075 additional QALYs, and savings of €3,173.47 and €7,772.95 per patient. The findings were robust to variation as estimated using sensitivity analysis.&#xd;
Conclusions&#xd;
MEP is a cost-effective treatment in comparison with BEN and RES added to SoC for patients with SEA in the Spanish setting.</subfield>
   </datafield>
   <datafield ind2=" " ind1=" " tag="520">
      <subfield code="a">This study was funded by GlaxoSmithKline [Study code: HO-19-19968].</subfield>
   </datafield>
   <datafield ind1="8" ind2=" " tag="024">
      <subfield code="a">http://hdl.handle.net/11351/7654</subfield>
   </datafield>
   <datafield tag="653" ind2=" " ind1=" ">
      <subfield code="a">Cost-eficàcia</subfield>
   </datafield>
   <datafield tag="653" ind2=" " ind1=" ">
      <subfield code="a">Hormones esteroides - Ús terapèutic</subfield>
   </datafield>
   <datafield tag="653" ind2=" " ind1=" ">
      <subfield code="a">Eosinofília</subfield>
   </datafield>
   <datafield tag="653" ind2=" " ind1=" ">
      <subfield code="a">CHEMICALS AND DRUGS::Hormones, Hormone Substitutes, and Hormone Antagonists::Hormones::Adrenal Cortex Hormones</subfield>
   </datafield>
   <datafield tag="653" ind2=" " ind1=" ">
      <subfield code="a">Other subheadings::Other subheadings::/therapeutic use</subfield>
   </datafield>
   <datafield tag="653" ind2=" " ind1=" ">
      <subfield code="a">HEALTH CARE::Health Care Economics and Organizations::Economics::Costs and Cost Analysis::Cost-Benefit Analysis</subfield>
   </datafield>
   <datafield tag="653" ind2=" " ind1=" ">
      <subfield code="a">DISEASES::Hemic and Lymphatic Diseases::Hematologic Diseases::Leukocyte Disorders::Eosinophilia</subfield>
   </datafield>
   <datafield tag="653" ind2=" " ind1=" ">
      <subfield code="a">COMPUESTOS QUÍMICOS Y DROGAS::hormonas, sustitutos de hormonas y antagonistas de hormonas::hormonas::hormonas de la corteza suprarrenal</subfield>
   </datafield>
   <datafield tag="653" ind2=" " ind1=" ">
      <subfield code="a">Otros calificadores::Otros calificadores::/uso terapéutico</subfield>
   </datafield>
   <datafield tag="653" ind2=" " ind1=" ">
      <subfield code="a">ATENCIÓN DE SALUD::economía y organizaciones para la atención de la salud::economía::costes y análisis de costes::análisis coste-beneficio</subfield>
   </datafield>
   <datafield tag="653" ind2=" " ind1=" ">
      <subfield code="a">ENFERMEDADES::enfermedades hematológicas y linfáticas::enfermedades hematológicas::trastornos leucocitarios::eosinofilia</subfield>
   </datafield>
   <datafield ind2="0" ind1="0" tag="245">
      <subfield code="a">Cost-effectiveness analysis of anti–IL-5 therapies of severe eosinophilic asthma in Spain</subfield>
   </datafield>
</record></metadata></record></GetRecord></OAI-PMH>